| 000 | 00854nam a22002297a 4500 | ||
|---|---|---|---|
| 001 | 83119 | ||
| 003 | BD-RjUL | ||
| 005 | 20240220114508.0 | ||
| 008 | 240220s2023 bg ||||| |||| 00| 0 eng d | ||
| 020 | _a9847013103153 | ||
| 035 | _a(BD-RjUL)83119 | ||
| 040 |
_aBD-RjUL _beng _cBD-RjUL |
||
| 041 | _aben | ||
| 082 |
_223 _a181.07 _bKHM 2023 |
||
| 100 |
_aখলিল, মোঃ ইব্রাহীম _911825 |
||
| 245 |
_aমুসলিম দর্শন ও দার্শনিক / _cমোঃ ইব্রাহীম খলিল |
||
| 260 |
_aঢাকা : _bমেরিট ফেয়ার প্রকাশন, _c২০১৩, [মুদ্রণ ২০২৩] |
||
| 300 |
_a৪৩২ পৃ.; _c২২ সেমি. |
||
| 650 |
_aইসলামিক দর্শন _911826 |
||
| 650 | _aIslamic philosophy | ||
| 942 |
_2ddc _cBK |
||
| 999 |
_c83119 _d83119 |
||